000 00311nam a22001457a 4500
008 210311b ||||| |||| 00| 0 eng d
020 _a9780134210223
041 _aeng
080 _25th
_a311
082 _25th
_a311
100 _a54
101 _aSTA
245 _aIntro Stats
_cDevaux,D.R
942 _2udc
_cBK
999 _c56302
_d56302